Gellér Balázs - Ambrus István - Vaskuti András A magyar büntetőjog általános tanai II. Büntetéstan c. tankönyvéről /

Elmentve itt :
Bibliográfiai részletek
Szerző: Gál Andor
Dokumentumtípus: Cikk
Megjelent: 2020
Sorozat:MAGYAR JOG 67 No. 7-8
mtmt:31408248
Online Access:http://publicatio.bibl.u-szeged.hu/20136
LEADER 00665nab a2200181 i 4500
001 publ20136
005 20210105155847.0
008 210105s2020 hu o 0|| zxx d
022 |a 0025-0147 
024 7 |a 31408248  |2 mtmt 
040 |a SZTE Publicatio Repozitórium  |b hun 
041 |a zxx 
100 1 |a Gál Andor 
245 1 0 |a Gellér Balázs - Ambrus István - Vaskuti András  |h [elektronikus dokumentum] :  |b A magyar büntetőjog általános tanai II. Büntetéstan c. tankönyvéről /  |c  Gál Andor 
260 |c 2020 
300 |a 467-470 
490 0 |a MAGYAR JOG  |v 67 No. 7-8 
856 4 0 |u http://publicatio.bibl.u-szeged.hu/20136/1/Gal_Andor_MJ_2020_7_8.pdf  |z Dokumentum-elérés